[Event "ESP-chT 2nd Division 2019"]
[Site "Linares"]
[Date "2019.08.21"]
[Round "4.3"]
[White "Iruzubieta Villaluenga, Jesus M"]
[Black "Nieves Cabanes, Jose Manuel"]
[Result "1/2-1/2"]
[WhiteElo "2438"]
[BlackElo "2311"]
[Annotator "NA"]
[PlyCount "140"]
[EventDate "2019.08.19"]
[EventType "team-tourn"]
[EventCountry "ESP"]
[SourceTitle "playchess.com"]
[Source "ChessBase"]
[SourceQuality "1"]
[TimeControl "5400+30"]

1. e4 {[%emt 0:00:00]} e6 {[%emt 0:00:00]} 2. d4 {[%emt 0:00:03]} d5 {[%emt 0:00:00]} 3. Nc3 {[%emt 0:00:16]} Bb4 {[%emt 0:00:00]} 4. e5 {[%emt 0:00:18]} Qd7 {[%emt 0:00:20]} 5. a3 {[%emt 0:01:51]} Bxc3+ {[%emt 0:01:26]} 6. bxc3 {[%emt 0:00:06]} b6 {[%emt 0:00:30]} 7. Qg4 {[%emt 0:00:45]} f5 {[%emt 0:00:26]} 8. Qg3 {[%emt 0:00:08]} Nc6 {[%emt 0:03:00]} 9. Nh3 {[%emt 0:06:26]} Bb7 {[%emt 0:01:26]} 10. Nf4 {[%emt 0:00:50]} O-O-O {[%emt 0:01:07]} 11. h4 {[%emt 0:02:20]} Qf7 {[%emt 0:04:06]} 12. h5 {[%emt 0:00:12]} Nh6 {[%emt 0:09:19]} 13. Rh3 {[%emt 0:14:10]} Na5 {[%emt 0:04:23]} 14. Qh4 {[%emt 0:06:35]} Rdg8 {[%emt 0:09:16]} 15. Rg3 {[%emt 0:03:14]} Qd7 {[%emt 0:04:59]} 16. a4 {[%emt 0:03:20]} Nc4 {[%emt 0:06:37]} 17. Bxc4 {[%emt 0:12:24]} dxc4 {[%emt 0:00:06]} 18. a5 {[%emt 0:05:28]} b5 {[%emt 0:03:32]} 19. a6 {[%emt 0:01:40]} Be4 {[%emt 0:01:26]} 20. Ba3 {[%emt 0:00:30]} Nf7 {[%emt 0:07:53]} 21. Ke2 {[%emt 0:14:06]} g5 {[%emt 0:13:22]} 22. hxg6 {[%emt 0:00:10]} hxg6 {[%emt 0:00:03]} 23. Qf6 {[%emt 0:01:59]} g5 {[%emt 0:03:49]} 24. Ng6 {[%emt 0:04:17]} Rxg6 {[%emt 0:06:54]} 25. Qxg6 {[%emt 0:00:02]} g4 {[%emt 0:03:54]} 26. Rxg4 {[%emt 0:06:44]} Bxc2 {[%emt 0:00:48]} 27. Rg3 {[%emt 0:05:43]} Bd3+ {[%emt 0:03:45]} 28. Kd2 {[%emt 0:01:55]} f4 {[%emt 0:02:19]} 29. Rxd3 {[%emt 0:00:17]} cxd3 {[%emt 0:00:12]} 30. Qe4 {[%emt 0:00:57]} c6 {[%emt 0:00:29]} 31. Qxf4 {[%emt 0:00:33]} Rh5 {[%emt 0:01:25]} 32. g4 {[%emt 0:01:55]} Rh3 {[%emt 0:00:03]} 33. g5 {[%emt 0:02:07]} Nd8 {[%emt 0:00:13]} 34. Bd6 {[%emt 0:01:10]} Qh7 {[%emt 0:00:30]} 35. Rg1 {[%emt 0:00:44]} Rh4 {[%emt 0:02:37]} 36. Qg3 {[%emt 0:01:47]} Qh5 {[%emt 0:00:56]} 37. Qxd3 {[%emt 0:00:29]} Rf4 {[%emt 0:00:55]} 38. Qg3 {[%emt 0:00:55]} Rf3 {[%emt 0:00:46]} 39. Qg2 {[%emt 0:00:16]} Qf7 {[%emt 0:00:32]} 40. Ke2 {[%emt 0:01:13]} Rxc3 {[%emt 0:00:20]} 41. Qe4 {[%emt 0:00:03]} Qh5+ {[%emt 0:00:44]} 42. Kd2 {[%emt 0:00:56]} Qh3 {[%emt 0:00:27]} 43. Rg3 {[%emt 0:01:06]} Rxg3 {[%emt 0:00:13]} 44. fxg3 {[%emt 0:00:01]} Qh2+ {[%emt 0:00:24]} 45. Kd1 {[%emt 0:00:33]} Qg1+ {[%emt 0:00:28]} 46. Ke2 {[%emt 0:00:18]} Qxg3 {[%emt 0:00:36]} 47. g6 {[%emt 0:00:21]} Qh2+ {[%emt 0:00:19]} 48. Kd1 {[%emt 0:00:36]} Qg1+ {[%emt 0:00:11]} 49. Kd2 {[%emt 0:00:15]} Qf2+ {[%emt 0:00:28]} 50. Kc3 {[%emt 0:00:09]} Qg1 {[%emt 0:00:53]} 51. Kb2 {[%emt 0:00:34]} Qf2+ {[%emt 0:00:27]} 52. Kb3 {[%emt 0:00:17]} Qg1 {[%emt 0:02:11]} 53. Bb4 {[%emt 0:00:44]} Qd1+ {[%emt 0:00:18]} 54. Kb2 {[%emt 0:00:13]} Qg1 {[%emt 0:01:54]} 55. Ba5 {[%emt 0:00:40]} Qf2+ {[%emt 0:00:28]} 56. Kb3 {[%emt 0:00:08]} Qf1 {[%emt 0:01:37]} 57. Qc2 {[%emt 0:00:23]} Qa1 {[%emt 0:00:56]} 58. Bc3 {[%emt 0:01:32]} Qg1 {[%emt 0:00:37]} 59. Ka3 {[%emt 0:00:50]} c5 {[%emt 0:00:52]} 60. Qe4 {[%emt 0:01:48]} b4+ {[%emt 0:00:38]} 61. Kb3 {[%emt 0:00:01]} bxc3 {[%emt 0:00:41]} 62. Qa8+ {[%emt 0:00:05]} Kd7 {[%emt 0:00:04]} 63. Qxa7+ {[%emt 0:00:03]} Ke8 {[%emt 0:00:08]} 64. Qxc5 {[%emt 0:00:15]} Qxg6 {[%emt 0:00:22]} 65. a7 {[%emt 0:00:26]} Qb1+ {[%emt 0:00:11]} 66. Kxc3 {[%emt 0:00:05]} Qb7 {[%emt 0:00:33]} 67. Kd2 {[%emt 0:01:18]} Nc6 {[%emt 0:00:50]} 68. d5 {[%emt 0:00:41]} Qb2+ {[%emt 0:00:59]} 69. Kd1 {[%emt 0:00:17]} Qa1+ {[%emt 0:00:35]} 70. Kd2 {[%emt 0:00:09]} Qb2+ {[%emt 0:00:21]} 1/2-1/2

[Event "ESP-chT 2nd Division 2019"]
[Site "Linares"]
[Date "2019.08.21"]
[Round "4.4"]
[White "Silva Rodriguez, Fernando"]
[Black "Trigo Urquijo, Sergio"]
[Result "1-0"]
[WhiteElo "2253"]
[BlackElo "2385"]
[Annotator "NA"]
[PlyCount "83"]
[EventDate "2019.08.19"]
[EventType "team-tourn"]
[EventCountry "ESP"]
[SourceTitle "playchess.com"]
[Source "ChessBase"]
[SourceQuality "1"]
[TimeControl "5400+30"]

1. e4 {[%emt 0:00:00]} e6 {[%emt 0:01:37]} 2. d4 {[%emt 0:00:00]} d5 {[%emt 0:00:10]} 3. Nd2 {[%emt 0:00:00]} Be7 {[%emt 0:00:37]} 4. c3 {[%emt 0:03:38]} c5 {[%emt 0:01:24]} 5. dxc5 {[%emt 0:00:13]} Nf6 {[%emt 0:02:58]} 6. exd5 {[%emt 0:02:56]} Qxd5 {[%emt 0:01:52]} 7. b4 {[%emt 0:00:12]} a5 {[%emt 0:04:16]} 8. Ngf3 {[%emt 0:00:36]} axb4 {[%emt 0:09:27]} 9. cxb4 {[%emt 0:00:19]} O-O {[%emt 0:00:50]} 10. Bc4 {[%emt 0:01:24]} Qh5 {[%emt 0:00:08]} 11. O-O {[%emt 0:08:53]} Nd5 {[%emt 0:05:02]} 12. Qb3 {[%emt 0:04:51]} Nc6 {[%emt 0:08:42]} 13. Bxd5 {[%emt 0:08:56]} Qxd5 {[%emt 0:04:19]} 14. a3 {[%emt 0:01:12]} Qxb3 {[%emt 0:10:44]} 15. Nxb3 {[%emt 0:00:16]} Bf6 {[%emt 0:00:17]} 16. Rb1 {[%emt 0:00:31]} e5 {[%emt 0:00:10]} 17. Bb2 {[%emt 0:10:27]} Bf5 {[%emt 0:09:23]} 18. Ra1 {[%emt 0:01:36]} Rfd8 {[%emt 0:03:50]} 19. Rfe1 {[%emt 0:03:22]} Rd5 {[%emt 0:04:49]} 20. Nbd2 {[%emt 0:12:20]} Nd4 {[%emt 0:15:40]} 21. Nc4 {[%emt 0:17:24]} Nxf3+ {[%emt 0:09:53]} 22. gxf3 {[%emt 0:00:15]} Rd3 {[%emt 0:00:01]} 23. Bxe5 {[%emt 0:03:28]} Rxf3 {[%emt 0:00:55]} 24. Bxf6 {[%emt 0:01:05]} gxf6 {[%emt 0:00:02]} 25. Re7 {[%emt 0:04:46]} Be6 {[%emt 0:01:20]} 26. Ne3 {[%emt 0:00:26]} Bh3 {[%emt 0:01:47]} 27. Rxb7 {[%emt 0:12:21]} Kh8 {[%emt 0:01:19]} 28. Re7 {[%emt 0:01:34]} Rg8+ {[%emt 0:00:58]} 29. Kh1 {[%emt 0:00:03]} Rxf2 {[%emt 0:00:32]} 30. Rg1 {[%emt 0:00:57]} Be6 {[%emt 0:01:14]} 31. Rxg8+ {[%emt 0:00:12]} Kxg8 {[%emt 0:00:03]} 32. c6 {[%emt 0:00:38]} Rb2 {[%emt 0:01:04]} 33. Re8+ {[%emt 0:01:00]} Kg7 {[%emt 0:00:03]} 34. Kg1 {[%emt 0:00:28]} f5 {[%emt 0:00:19]} 35. Ng2 {[%emt 0:00:38]} Rc2 {[%emt 0:01:01]} 36. b5 {[%emt 0:00:11]} Rc1+ {[%emt 0:00:36]} 37. Kf2 {[%emt 0:00:09]} Rc2+ {[%emt 0:00:09]} 38. Ke3 {[%emt 0:01:01]} Rxg2 {[%emt 0:00:23]} 39. b6 {[%emt 0:00:05]} f4+ {[%emt 0:00:30]} 40. Kxf4 {[%emt 0:00:23]} Rg4+ {[%emt 0:00:16]} 41. Kf3 {[%emt 0:00:54]} Ra4 {[%emt 0:00:31]} 42. Rxe6 {[%emt 0:00:25]} 1-0

[Event "ESP-chT 2nd Division 2019"]
[Site "Linares"]
[Date "2019.08.21"]
[Round "4.5"]
[White "Sosa Suarez, Carla Cristina"]
[Black "Ortega Sanchis, Angela"]
[Result "1-0"]
[WhiteElo "2135"]
[BlackElo "1675"]
[Annotator "NA"]
[PlyCount "123"]
[EventDate "2019.08.19"]
[EventType "team-tourn"]
[EventCountry "ESP"]
[SourceTitle "playchess.com"]
[Source "ChessBase"]
[SourceQuality "1"]
[TimeControl "5400+30"]

1. e4 {[%emt 0:00:00]} e6 {[%emt 0:00:00]} 2. d4 {[%emt 0:00:00]} d5 {[%emt 0:00:00]} 3. Nd2 {[%emt 0:00:00]} dxe4 {[%emt 0:00:00]} 4. Nxe4 {[%emt 0:00:00]} Nd7 {[%emt 0:00:00]} 5. Nf3 {[%emt 0:01:40]} Ngf6 {[%emt 0:00:00]} 6. Bd3 {[%emt 0:02:32]} Nxe4 {[%emt 0:00:43]} 7. Bxe4 {[%emt 0:00:04]} Nf6 {[%emt 0:00:07]} 8. Bg5 {[%emt 0:02:51]} Be7 {[%emt 0:06:07]} 9. Bd3 {[%emt 0:02:15]} c5 {[%emt 0:01:55]} 10. dxc5 {[%emt 0:06:20]} Qa5+ {[%emt 0:01:29]} 11. c3 {[%emt 0:04:21]} Qxc5 {[%emt 0:00:51]} 12. Qc2 {[%emt 0:02:33]} Bd7 {[%emt 0:03:21]} 13. Be3 {[%emt 0:05:48]} Qc7 {[%emt 0:03:01]} 14. Bd4 {[%emt 0:01:30]} Bc5 {[%emt 0:11:13]} 15. Be5 {[%emt 0:02:48]} Bd6 {[%emt 0:17:39]} 16. Bxd6 {[%emt 0:01:17]} Qxd6 {[%emt 0:00:18]} 17. O-O-O {[%emt 0:01:07]} Qe7 {[%emt 0:05:49]} 18. Ne5 {[%emt 0:02:03]} Bc6 {[%emt 0:06:28]} 19. Nxc6 {[%emt 0:02:52]} bxc6 {[%emt 0:00:02]} 20. Rhg1 {[%emt 0:04:43]} Nd5 {[%emt 0:04:49]} 21. Be4 {[%emt 0:03:02]} Qc7 {[%emt 0:03:59]} 22. Rd4 {[%emt 0:12:25]} Qxh2 {[%emt 0:15:57]} 23. Rgd1 {[%emt 0:00:46]} O-O {[%emt 0:01:01]} 24. g3 {[%emt 0:05:04]} Qh6+ {[%emt 0:00:37]} 25. Kb1 {[%emt 0:00:24]} f5 {[%emt 0:01:48]} 26. Rh1 {[%emt 0:01:32]} Qf6 {[%emt 0:00:30]} 27. Bd3 {[%emt 0:00:52]} h6 {[%emt 0:06:45]} 28. Rc4 {[%emt 0:02:48]} e5 {[%emt 0:02:08]} 29. g4 {[%emt 0:01:33]} e4 {[%emt 0:00:54]} 30. Be2 {[%emt 0:00:15]} Nb6 {[%emt 0:03:38]} 31. Rd4 {[%emt 0:01:28]} Rad8 {[%emt 0:01:07]} 32. Rhd1 {[%emt 0:00:29]} Rd5 {[%emt 0:01:43]} 33. R1d2 {[%emt 0:03:44]} Rfd8 {[%emt 0:00:33]} 34. Rxd5 {[%emt 0:02:06]} Rxd5 {[%emt 0:00:06]} 35. Qd1 {[%emt 0:05:47]} f4 {[%emt 0:01:54]} 36. Ba6 {[%emt 0:04:53]} Qg6 {[%emt 0:00:51]} 37. Rxd5 {[%emt 0:01:33]} cxd5 {[%emt 0:00:01]} 38. a4 {[%emt 0:01:33]} Qc6 {[%emt 0:00:58]} 39. Bb5 {[%emt 0:01:36]} Qc5 {[%emt 0:00:23]} 40. Qd2 {[%emt 0:01:24]} e3 {[%emt 0:00:17]} 41. fxe3 {[%emt 0:00:08]} Qxe3 {[%emt 0:00:09]} 42. Qxe3 {[%emt 0:00:29]} fxe3 {[%emt 0:00:01]} 43. Kc2 {[%emt 0:00:21]} Kf7 {[%emt 0:01:16]} 44. b3 {[%emt 0:01:11]} Ke6 {[%emt 0:00:50]} 45. Kd3 {[%emt 0:00:48]} Ke5 {[%emt 0:00:34]} 46. Kxe3 {[%emt 0:00:19]} Nc8 47. Bd7 {[%emt 0:02:11]} Nd6 {[%emt 0:00:28]} 48. a5 {[%emt 0:00:25]} Nb7 {[%emt 0:00:23]} 49. b4 {[%emt 0:01:01]} Nd6 {[%emt 0:00:10]} 50. Bc6 {[%emt 0:00:58]} Nc4+ {[%emt 0:00:25]} 51. Kd3 {[%emt 0:00:46]} Kd6 {[%emt 0:00:06]} 52. Bb7 {[%emt 0:01:22]} Nb2+ {[%emt 0:01:39]} 53. Kd4 {[%emt 0:00:45]} Nd1 {[%emt 0:00:47]} 54. b5 {[%emt 0:01:00]} Kc7 {[%emt 0:00:36]} 55. Bxd5 {[%emt 0:00:14]} Nf2 {[%emt 0:00:17]} 56. Bf3 {[%emt 0:00:39]} Nh3 {[%emt 0:00:41]} 57. c4 {[%emt 0:00:25]} Nf4 {[%emt 0:00:32]} 58. c5 {[%emt 0:00:46]} Ne6+ {[%emt 0:00:19]} 59. Kc4 {[%emt 0:00:35]} g6 {[%emt 0:00:40]} 60. b6+ axb6 {[%emt 0:00:31]} 61. cxb6+ {[%emt 0:01:25]} Kb8 {[%emt 0:00:29]} 62. a6 {[%emt 0:00:32]} 1-0

[Event "ESP-chT 2nd Division 2019"]
[Site "Linares"]
[Date "2019.08.21"]
[Round "4.6"]
[White "Cruz Lledo, Pablo"]
[Black "Suarez Gomez, Julio"]
[Result "0-1"]
[WhiteElo "2445"]
[BlackElo "2433"]
[Annotator "ChessBase"]
[PlyCount "164"]
[EventDate "2019.08.19"]
[EventType "team-tourn"]
[EventCountry "ESP"]
[SourceTitle "playchess.com"]
[Source "ChessBase"]
[SourceQuality "1"]
[TimeControl "5400+30"]

1. d4 {[%emt 0:02:18]} Nf6 {[%emt 0:00:00]} 2. Nf3 {[%emt 0:00:04]} d5 {[%emt 0:00:11]} 3. e3 {[%emt 0:00:07]} c5 {[%emt 0:02:11]} 4. c4 {[%emt 0:01:01]} e6 {[%emt 0:01:04]} 5. cxd5 {[%emt 0:04:11]} exd5 {[%emt 0:00:04]} 6. Bb5+ {[%emt 0:00:08]} Bd7 {[%emt 0:00:11]} 7. Bxd7+ {[%emt 0:00:18]} Nbxd7 {[%emt 0:00:07]} 8. dxc5 {[%emt 0:00:14]} Nxc5 {[%emt 0:00:58]} 9. O-O {[%emt 0:00:06]} Be7 {[%emt 0:01:49]} 10. b3 {[%emt 0:00:17]} O-O {[%emt 0:00:09]} 11. Bb2 {[%emt 0:00:08]} Rc8 {[%emt 0:07:01]} 12. Nc3 {[%emt 0:04:51]} Qd7 {[%emt 0:03:27]} 13. Ne2 {[%emt 0:02:15]} Rfd8 {[%emt 0:06:21]} 14. Bd4 {[%emt 0:04:19]} b5 {[%emt 0:05:54]} 15. Ng3 {[%emt 0:00:21]} Nfe4 {[%emt 0:03:55]} 16. Ne5 {[%emt 0:03:00]} Qe6 {[%emt 0:02:51]} 17. Nd3 {[%emt 0:00:16]} Bd6 {[%emt 0:07:47]} 18. Nxc5 {[%emt 0:03:55]} Nxc5 {[%emt 0:05:53]} 19. Qh5 {[%emt 0:01:35]} g6 {[%emt 0:07:18]} 20. Qe2 {[%emt 0:05:03]} a6 {[%emt 0:00:10]} 21. Rac1 {[%emt 0:00:52]} Nd7 {[%emt 0:04:39]} 22. a4 {[%emt 0:05:10]} Bxg3 {[%emt 0:05:10]} 23. hxg3 {[%emt 0:00:22]} bxa4 {[%emt 0:00:05]} 24. bxa4 {[%emt 0:00:17]} Rc4 {[%emt 0:00:54]} 25. Rxc4 {[%emt 0:09:55]} dxc4 {[%emt 0:00:08]} 26. Rc1 {[%emt 0:00:12]} Rc8 {[%emt 0:00:55]} 27. g4 {[%emt 0:03:48]} Qd5 {[%emt 0:04:49]} 28. Qb2 {[%emt 0:06:22]} Nf8 {[%emt 0:02:50]} 29. Qb6 {[%emt 0:02:21]} Qe6 {[%emt 0:05:54]} 30. Qa5 {[%emt 0:00:34]} Nd7 {[%emt 0:01:33]} 31. g5 {[%emt 0:00:40]} Qd6 {[%emt 0:01:07]} 32. Ba1 {[%emt 0:10:57]} f6 {[%emt 0:05:42]} 33. Qc3 {[%emt 0:03:07]} Kf7 {[%emt 0:00:03]} 34. gxf6 {[%emt 0:00:45]} Rc5 {[%emt 0:00:05]} 35. Qb4 {[%emt 0:03:30]} a5 {[%emt 0:00:37]} 36. Qb7 {[%emt 0:01:08]} Qd2 {[%emt 0:05:14]} 37. Bb2 {[%emt 0:00:31]} Rf5 {[%emt 0:00:56]} 38. Rf1 {[%emt 0:00:21]} Qd6 {[%emt 0:01:48]} 39. e4 {[%emt 0:01:34]} Rc5 {[%emt 0:00:14]} 40. e5 {[%emt 0:00:38]} Qc6 {[%emt 0:00:03]} 41. e6+ {[%emt 0:03:40]} Kxe6 {[%emt 0:00:05]} 42. Re1+ {[%emt 0:00:08]} Kf5 {[%emt 0:00:07]} 43. Qa7 {[%emt 0:04:14]} c3 {[%emt 0:01:10]} 44. f7 {[%emt 0:00:24]} Qc7 {[%emt 0:02:17]} 45. Qa6 {[%emt 0:10:26]} cxb2 {[%emt 0:00:34]} 46. Qe6+ {[%emt 0:00:10]} Kg5 {[%emt 0:00:07]} 47. Qe7+ {[%emt 0:00:52]} Kh5 {[%emt 0:04:29]} 48. g3 {[%emt 0:01:01]} Rg5 {[%emt 0:01:06]} 49. f8=Q {[%emt 0:00:46]} Rxg3+ {[%emt 0:00:29]} 50. fxg3 {[%emt 0:00:27]} Qxg3+ {[%emt 0:00:09]} 51. Kf1 {[%emt 0:00:08]} Qh3+ {[%emt 0:01:38]} 52. Kf2 {[%emt 0:00:19]} Qh2+ {[%emt 0:00:31]} 53. Kf3 {[%emt 0:03:04]} Qh3+ {[%emt 0:00:04]} 54. Kf4 {[%emt 0:01:31]} Qh2+ {[%emt 0:00:59]} 55. Ke4 {[%emt 0:00:33]} Nxf8 {[%emt 0:01:05]} 56. Qe5+ {[%emt 0:02:02]} Qxe5+ {[%emt 0:00:04]} 57. Kxe5 {[%emt 0:00:01]} Nd7+ {[%emt 0:00:04]} 58. Kf4 {[%emt 0:00:02]} Kh6 {[%emt 0:00:05]} 59. Ke3 {[%emt 0:01:35]} Nc5 {[%emt 0:00:15]} 60. Kd2 {[%emt 0:00:27]} Nxa4 {[%emt 0:00:03]} 61. Kc2 {[%emt 0:00:05]} g5 {[%emt 0:00:33]} 62. Rh1+ {[%emt 0:00:23]} Kg6 {[%emt 0:00:05]} 63. Kb3 {[%emt 0:00:04]} Nc5+ {[%emt 0:03:05]} 64. Kxb2 {[%emt 0:00:01]} h5 {[%emt 0:00:10]} 65. Kc3 {[%emt 0:00:01]} g4 {[%emt 0:00:28]} 66. Kc4 {[%emt 0:01:12]} Nd7 {[%emt 0:01:01]} 67. Ra1 {[%emt 0:00:16]} g3 {[%emt 0:00:43]} 68. Kd4 {[%emt 0:00:21]} Kf5 {[%emt 0:01:05]} 69. Ke3 {[%emt 0:00:33]} Kg4 {[%emt 0:00:35]} 70. Ra4+ {[%emt 0:00:20]} Kh3 {[%emt 0:00:31]} 71. Rxa5 {[%emt 0:00:06]} Nf6 {[%emt 0:00:23]} 72. Kf3 {[%emt 0:01:01]} h4 {[%emt 0:00:47]} 73. Ra4 {[%emt 0:01:51]} Nd7 {[%emt 0:00:21]} 74. Re4 {[%emt 0:00:12]} Nc5 {[%emt 0:00:47]} 75. Re1 {[%emt 0:00:13]} g2 {[%emt 0:00:27]} 76. Rg1 {[%emt 0:01:27]} Nd3 {[%emt 0:00:04]} 77. Rd1 {[%emt 0:00:05]} Kh2 {[%emt 0:00:38]} 78. Rd2 {[%emt 0:00:28]} h3 {[%emt 0:00:27]} 79. Kg4 {[%emt 0:00:02]} Ne5+ {[%emt 0:00:30]} 80. Kf4 {[%emt 0:01:09]} Kh1 {[%emt 0:00:06]} 81. Kg3 {[%emt 0:00:39]} g1=Q+ {[%emt 0:00:08]} 82. Kxh3 {[%emt 0:00:04]} Qg4# 0-1

[Event "ESP-chT 2nd Division 2019"]
[Site "Linares"]
[Date "2019.08.21"]
[Round "4.7"]
[White "Reinaldo Castineira, Roi"]
[Black "Garcia Molla, Victor"]
[Result "1-0"]
[WhiteElo "2467"]
[BlackElo "2408"]
[Annotator "ChessBase"]
[PlyCount "81"]
[EventDate "2019.08.19"]
[EventType "team-tourn"]
[EventCountry "ESP"]
[SourceTitle "playchess.com"]
[Source "ChessBase"]
[SourceQuality "1"]
[TimeControl "5400+30"]

1. e4 {[%emt 0:00:00]} e6 {[%emt 0:00:00]} 2. d3 {[%emt 0:00:31]} d5 {[%emt 0:00:00]} 3. Qe2 {[%emt 0:00:04]} Nf6 {[%emt 0:05:45]} 4. Nf3 {[%emt 0:00:08]} Be7 {[%emt 0:01:32]} 5. g3 {[%emt 0:00:06]} b5 {[%emt 0:04:13]} 6. e5 {[%emt 0:02:46]} Nfd7 {[%emt 0:00:08]} 7. Bg2 {[%emt 0:00:04]} c5 {[%emt 0:05:14]} 8. O-O {[%emt 0:00:51]} Nc6 {[%emt 0:01:05]} 9. c4 {[%emt 0:04:38]} bxc4 {[%emt 0:02:00]} 10. dxc4 {[%emt 0:00:08]} Ba6 {[%emt 0:00:16]} 11. Na3 {[%emt 0:00:51]} O-O {[%emt 0:08:53]} 12. Rd1 {[%emt 0:06:23]} Qc7 {[%emt 0:09:53]} 13. Bf4 {[%emt 0:02:13]} dxc4 {[%emt 0:00:24]} 14. b3 {[%emt 0:07:57]} Nb6 {[%emt 0:07:17]} 15. bxc4 {[%emt 0:02:14]} Rad8 {[%emt 0:01:08]} 16. Nb5 {[%emt 0:09:57]} Qb8 {[%emt 0:06:24]} 17. Nd6 {[%emt 0:22:35]} Na5 {[%emt 0:01:32]} 18. Bg5 {[%emt 0:08:19]} Qc7 {[%emt 0:07:53]} 19. Bxe7 {[%emt 0:03:19]} Qxe7 {[%emt 0:00:06]} 20. Nd2 {[%emt 0:01:10]} Qc7 {[%emt 0:03:01]} 21. Qg4 {[%emt 0:06:45]} Kh8 {[%emt 0:04:53]} 22. Qh4 {[%emt 0:01:30]} f6 {[%emt 0:09:28]} 23. N2e4 {[%emt 0:04:13]} Naxc4 {[%emt 0:02:02]} 24. Nxc4 {[%emt 0:03:22]} Bxc4 {[%emt 0:04:55]} 25. exf6 {[%emt 0:00:05]} gxf6 {[%emt 0:04:29]} 26. Nxf6 {[%emt 0:01:58]} Bd5 {[%emt 0:01:15]} 27. g4 {[%emt 0:01:54]} Qe7 {[%emt 0:02:04]} 28. g5 {[%emt 0:00:18]} Bxg2 {[%emt 0:00:09]} 29. Kxg2 {[%emt 0:00:17]} Nd5 {[%emt 0:00:08]} 30. Nxd5 {[%emt 0:06:49]} Rxd5 {[%emt 0:00:10]} 31. Rxd5 {[%emt 0:00:29]} exd5 {[%emt 0:00:06]} 32. Qg3 {[%emt 0:00:05]} Qe4+ {[%emt 0:00:36]} 33. Kg1 {[%emt 0:00:24]} d4 {[%emt 0:04:22]} 34. Rc1 {[%emt 0:00:05]} Qd5 {[%emt 0:00:21]} 35. Re1 {[%emt 0:01:49]} c4 {[%emt 0:00:58]} 36. g6 {[%emt 0:00:52]} Rg8 {[%emt 0:01:04]} 37. Re5 {[%emt 0:00:36]} Qd7 {[%emt 0:00:57]} 38. Rh5 {[%emt 0:00:47]} Qe7 {[%emt 0:01:56]} 39. Qe5+ {[%emt 0:01:29]} Rg7 {[%emt 0:00:35]} 40. Rxh7+ {[%emt 0:00:04]} Kg8 {[%emt 0:00:10]} 41. Qb8+ {[%emt 0:00:57]} 1-0

[Event "ESP-chT 2nd Division 2019"]
[Site "Linares"]
[Date "2019.08.21"]
[Round "4.8"]
[White "Barbera Estelles, Rosendo"]
[Black "Laiz Ibanez, Hector"]
[Result "0-1"]
[WhiteElo "2176"]
[BlackElo "2274"]
[Annotator "NA"]
[PlyCount "76"]
[EventDate "2019.08.19"]
[EventType "team-tourn"]
[EventCountry "ESP"]
[SourceTitle "playchess.com"]
[Source "ChessBase"]
[SourceQuality "1"]
[TimeControl "5400+30"]

1. e4 {[%emt 0:00:00]} c5 {[%emt 0:00:00]} 2. Be2 {[%emt 0:00:23]} Nc6 {[%emt 0:00:05]} 3. f4 {[%emt 0:00:26]} d5 {[%emt 0:00:12]} 4. d3 {[%emt 0:00:36]} e6 {[%emt 0:02:03]} 5. Nf3 {[%emt 0:00:41]} Bd6 {[%emt 0:00:09]} 6. O-O {[%emt 0:01:17]} Nge7 {[%emt 0:00:36]} 7. c3 {[%emt 0:02:57]} f6 {[%emt 0:06:18]} 8. Be3 {[%emt 0:06:25]} Qc7 {[%emt 0:05:52]} 9. g3 {[%emt 0:11:38]} O-O {[%emt 0:07:34]} 10. Na3 {[%emt 0:04:22]} a6 {[%emt 0:00:20]} 11. Nc2 {[%emt 0:01:31]} b5 {[%emt 0:14:57]} 12. Qe1 {[%emt 0:12:13]} Bb7 {[%emt 0:18:18]} 13. Qf2 {[%emt 0:06:58]} e5 {[%emt 0:01:23]} 14. f5 {[%emt 0:14:20]} Nd8 {[%emt 0:00:56]} 15. exd5 {[%emt 0:04:17]} Nxf5 {[%emt 0:03:50]} 16. Nd2 {[%emt 0:01:03]} Nxe3 {[%emt 0:08:45]} 17. Nxe3 {[%emt 0:00:10]} g6 {[%emt 0:04:31]} 18. c4 {[%emt 0:01:01]} f5 {[%emt 0:00:28]} 19. g4 {[%emt 0:07:57]} f4 {[%emt 0:04:28]} 20. Ng2 {[%emt 0:00:34]} e4 {[%emt 0:02:54]} 21. Nxe4 {[%emt 0:02:20]} Be5 {[%emt 0:00:04]} 22. Qh4 {[%emt 0:01:41]} Bxb2 {[%emt 0:07:50]} 23. Rae1 {[%emt 0:00:11]} bxc4 {[%emt 0:07:30]} 24. dxc4 {[%emt 0:00:33]} Ne6 {[%emt 0:00:34]} 25. g5 {[%emt 0:10:37]} Kh8 {[%emt 0:01:16]} 26. Nf6 {[%emt 0:02:22]} Nxg5 {[%emt 0:00:25]} 27. Qxg5 {[%emt 0:03:54]} Bxf6 {[%emt 0:00:14]} 28. Qg4 {[%emt 0:00:14]} Bc8 {[%emt 0:00:57]} 29. Qf3 {[%emt 0:00:09]} Bd4+ {[%emt 0:00:21]} 30. Kh1 {[%emt 0:00:07]} g5 {[%emt 0:01:10]} 31. d6 {[%emt 0:00:52]} Qa7 {[%emt 0:00:18]} 32. Bd3 {[%emt 0:00:27]} Bb7 {[%emt 0:01:03]} 33. Qh5 {[%emt 0:00:15]} Rf7 {[%emt 0:00:17]} 34. Be4 {[%emt 0:01:55]} Bxe4 {[%emt 0:00:20]} 35. Rxe4 {[%emt 0:00:05]} Qd7 {[%emt 0:00:57]} 36. Ne1 {[%emt 0:02:11]} Qb7 {[%emt 0:00:29]} 37. Nf3 {[%emt 0:01:12]} Qxe4 {[%emt 0:00:20]} 38. Qxf7 {[%emt 0:00:34]} Qe2 {[%emt 0:00:11]} 0-1

[Event "ESP-chT 2nd Division 2019"]
[Site "Linares"]
[Date "2019.08.21"]
[Round "4.9"]
[White "Abal Cores, Lucas"]
[Black "Garcia Amoros, Pablo"]
[Result "1-0"]
[WhiteElo "2290"]
[BlackElo "2101"]
[Annotator "NA"]
[PlyCount "63"]
[EventDate "2019.08.19"]
[EventType "team-tourn"]
[EventCountry "ESP"]
[SourceTitle "playchess.com"]
[Source "ChessBase"]
[SourceQuality "1"]
[TimeControl "5400+30"]

1. e4 {[%emt 0:00:00]} c5 {[%emt 0:00:00]} 2. c3 {[%emt 0:00:00]} d5 {[%emt 0:00:07]} 3. exd5 {[%emt 0:00:00]} Qxd5 {[%emt 0:00:12]} 4. d4 {[%emt 0:00:00]} g6 {[%emt 0:00:24]} 5. Nf3 {[%emt 0:00:28]} Bg7 {[%emt 0:00:37]} 6. Be3 {[%emt 0:00:53]} cxd4 {[%emt 0:01:32]} 7. cxd4 {[%emt 0:00:06]} Nf6 {[%emt 0:01:56]} 8. Nc3 {[%emt 0:00:05]} Qa5 {[%emt 0:00:36]} 9. Be2 {[%emt 0:01:10]} Ne4 {[%emt 0:06:07]} 10. O-O {[%emt 0:00:06]} Nd6 {[%emt 0:01:52]} 11. Rc1 {[%emt 0:05:20]} Nc6 {[%emt 0:02:07]} 12. d5 {[%emt 0:12:46]} Ne5 {[%emt 0:04:17]} 13. Bf4 {[%emt 0:03:21]} Nxf3+ {[%emt 0:05:21]} 14. Bxf3 {[%emt 0:00:31]} O-O {[%emt 0:02:10]} 15. Re1 {[%emt 0:04:12]} Qb4 {[%emt 0:01:18]} 16. Bxd6 {[%emt 0:03:34]} exd6 {[%emt 0:03:40]} 17. Qd2 {[%emt 0:05:45]} Bf5 {[%emt 0:06:32]} 18. a3 {[%emt 0:05:31]} Qb6 {[%emt 0:14:08]} 19. g4 {[%emt 0:05:38]} Bd7 {[%emt 0:00:23]} 20. Re4 {[%emt 0:00:48]} Rfe8 {[%emt 0:01:35]} 21. Rb4 {[%emt 0:01:20]} Qa6 {[%emt 0:11:38]} 22. Ne4 {[%emt 0:12:03]} Rac8 {[%emt 0:02:11]} 23. Rd1 {[%emt 0:07:09]} b5 {[%emt 0:06:28]} 24. g5 {[%emt 0:04:03]} f5 {[%emt 0:14:44]} 25. gxf6 {[%emt 0:02:21]} Bf8 {[%emt 0:00:14]} 26. Ng5 {[%emt 0:09:26]} Re5 {[%emt 0:02:31]} 27. Rh4 {[%emt 0:02:56]} h5 {[%emt 0:03:05]} 28. Ne6 {[%emt 0:04:33]} Kh7 {[%emt 0:00:28]} 29. Qd3 {[%emt 0:01:58]} Kh6 {[%emt 0:01:38]} 30. Be4 {[%emt 0:01:48]} g5 {[%emt 0:06:07]} 31. Rxh5+ {[%emt 0:00:12]} Kxh5 {[%emt 0:00:16]} 32. Qh3# 1-0